[Event "Gatineau Rentree-B"]
[Site "Gatineau CAN"]
[Date "2017.09.12"]
[Round "1"]
[White "Bourbonnais, Luc"]
[Black "Lemieux, Richard"]
[Result "0-1"]
[WhiteElo "1296"]
[BlackElo "1552"]
[WhiteFideId "-1"]
[WhiteFideId "-1"]
[PlyCount "68"]
[GameId "2160767908338593"]
[EventDate "2017.09.12"]
[EventType "swiss"]
[EventRounds "6"]
[EventCountry "CAN"]
[SourceTitle "EXT 2022"]
[Source "ChessBase"]
[SourceDate "2021.10.06"]
[SourceVersion "1"]
[SourceVersionDate "2021.10.06"]
[SourceQuality "1"]

1. Nf3 Nc6 2. c4 e5 3. Nc3 Nf6 4. d3 h6 5. g3 Bc5 6. Na4 Bb4+ 7. Bd2 Bxd2+ 8. Qxd2 O-O 9. Bg2 Re8 10. e4 d6 11. Nc3 Bg4 12. O-O Bxf3 13. Bxf3 Nd4 14. Bg2 Qd7 15. Ne2 c5 16. h3 Nh7 17. Kh1 Ng5 18. h4 Ngf3 19. Qd1 Nxe2 20. Qxe2 Nd4 21. Qd1 Rf8 22. Kh2 b5 23. Rc1 b4 24. b3 a5 25. f4 a4 26. Bh3 Qa7 27. Rf2 axb3 28. axb3 Qe7 29. Rb2 exf4 30. Ra1 fxg3+ 31. Kxg3 Qe5+ 32. Kf2 Qh2+ 33. Bg2 Qxh4+ 34. Ke3 Rxa1 0-1

[Event "Gatineau Rentree-B"]
[Site "Gatineau CAN"]
[Date "2017.09.12"]
[Round "1"]
[White "Clermont, Yves"]
[Black "Berthiaume, Serge"]
[Result "1-0"]
[WhiteElo "1229"]
[BlackElo "1461"]
[WhiteFideId "-1"]
[WhiteFideId "-1"]
[PlyCount "105"]
[GameId "2160767908338594"]
[EventDate "2017.09.12"]
[EventType "swiss"]
[EventRounds "6"]
[EventCountry "CAN"]
[SourceTitle "EXT 2022"]
[Source "ChessBase"]
[SourceDate "2021.10.06"]
[SourceVersion "1"]
[SourceVersionDate "2021.10.06"]
[SourceQuality "1"]

1. e4 c5 2. Nf3 Nc6 3. d4 cxd4 4. Nxd4 Nf6 5. Nc3 g6 6. Be2 Bg7 7. Be3 O-O 8. O-O d6 9. Qd2 Ng4 10. Nxc6 bxc6 11. Bxg4 Bxg4 12. Bh6 Bxh6 13. Qxh6 e5 14. Qe3 Qc7 15. h3 Be6 16. Rad1 Rfd8 17. b3 a6 18. Rd3 Rd7 19. Rfd1 Rad8 20. Na4 d5 21. Nc5 d4 22. Nxe6 fxe6 23. Qg5 c5 24. h4 Qc6 25. Qxe5 Qd6 26. Qg5 e5 27. h5 Rg7 28. Rf3 Rf8 29. Rxf8+ Kxf8 30. Rd3 gxh5 31. Rf3+ Rf7 32. Rxf7+ Kxf7 33. Qxh5+ Kg7 34. g3 Qf6 35. Qg4+ Kf7 36. Qd7+ Kg6 37. Qg4+ Kf7 38. Qc8 Qd6 39. Qf5+ Kg7 40. f4 exf4 41. gxf4 Qg6+ 42. Qxg6+ Kxg6 43. Kf2 h5 44. Kg3 a5 45. Kh4 Kh6 46. e5 Kg6 47. e6 Kf6 48. Kxh5 Kxe6 49. Kg5 Kf7 50. Kf5 Kf8 51. Kf6 Ke8 52. Ke6 Kf8 53. Kd5 1-0

[Event "Gatineau Rentree-B"]
[Site "Gatineau CAN"]
[Date "2017.09.12"]
[Round "1"]
[White "Dupont-Mageau, Nicolas"]
[Black "Simard, Paul"]
[Result "1-0"]
[WhiteElo "1449"]
[BlackElo "1193"]
[WhiteFideId "-1"]
[WhiteFideId "-1"]
[PlyCount "63"]
[GameId "2160767908338595"]
[EventDate "2017.09.12"]
[EventType "swiss"]
[EventRounds "6"]
[EventCountry "CAN"]
[SourceTitle "EXT 2022"]
[Source "ChessBase"]
[SourceDate "2021.10.06"]
[SourceVersion "1"]
[SourceVersionDate "2021.10.06"]
[SourceQuality "1"]

1. e4 e5 2. Nf3 d6 3. d4 Nd7 4. Nc3 Be7 5. Bc4 Ngf6 6. O-O c6 7. Be3 O-O 8. h3 b5 9. Bb3 Ba6 10. dxe5 dxe5 11. Nd2 Nc5 12. Qf3 b4 13. Ne2 Bxe2 14. Qxe2 Ncxe4 15. Nxe4 Nxe4 16. Bxa7 Rxa7 17. Qxe4 c5 18. Qxe5 Bf6 19. Qxc5 Bxb2 20. Qxa7 Bxa1 21. Rxa1 h6 22. Qe3 Kh8 23. Re1 Re8 24. Qxe8+ Qxe8 25. Rxe8+ Kh7 26. Rb8 f6 27. Rxb4 g5 28. c4 Kg6 29. c5 Kh5 30. c6 f5 31. c7 g4 32. c8=Q 1-0

[Event "Gatineau Rentree-B"]
[Site "Gatineau CAN"]
[Date "2017.09.12"]
[Round "1"]
[White "Ethier, Valori"]
[Black "Legare, Gilles"]
[Result "1-0"]
[WhiteElo "1380"]
[BlackElo "1125"]
[WhiteFideId "-1"]
[WhiteFideId "-1"]
[PlyCount "117"]
[GameId "2160767908338596"]
[EventDate "2017.09.12"]
[EventType "swiss"]
[EventRounds "6"]
[EventCountry "CAN"]
[SourceTitle "EXT 2022"]
[Source "ChessBase"]
[SourceDate "2021.10.06"]
[SourceVersion "1"]
[SourceVersionDate "2021.10.06"]
[SourceQuality "1"]

1. f4 Nc6 2. Nf3 e6 3. b3 Be7 4. Bb2 Nf6 5. e3 d6 6. Bb5 a6 7. Bxc6+ bxc6 8. c4 c5 9. O-O Bb7 10. Nc3 Qd7 11. Qe2 Bxf3 12. Qxf3 O-O 13. Rf2 Rab8 14. Raf1 c6 15. Qd1 d5 16. d3 d4 17. exd4 cxd4 18. Ne4 c5 19. Nxf6+ Bxf6 20. g3 Rb6 21. Qh5 Qd6 22. Ba3 Rc6 23. Bc1 a5 24. Qd1 Ra6 25. Qf3 a4 26. bxa4 Rxa4 27. Rb2 Rb4 28. Rxb4 cxb4 29. Bd2 g6 30. Rb1 Rb8 31. Qd1 e5 32. fxe5 Bxe5 33. Qe1 f5 34. Bxb4 Rxb4 35. Rxb4 f4 36. gxf4 Bf6 37. Qe8+ Kg7 38. Rb7+ Kh6 39. Qd7 Qxf4 40. Qxh7+ Kg5 41. Rb5+ Be5 42. Qe7+ Kf5 43. Qf7+ Kg4 44. Qe6+ Kf3 45. Qd5+ Ke2 46. Qxe5+ Qe3+ 47. Qxe3+ dxe3 48. Rb8 g5 49. c5 Kd1 50. Re8 Ke2 51. c6 Kd2 52. c7 g4 53. c8=Q e2 54. Kf2 e1=R 55. Rxe1 Kxd3 56. Qxg4 Kc3 57. Qa4 Kd2 58. Rd1+ Kc3 59. Qb3# 1-0

[Event "Gatineau Rentree-B"]
[Site "Gatineau CAN"]
[Date "2017.09.12"]
[Round "1"]
[White "Renaud, Alexandre"]
[Black "Masse-Garneau, Anthony"]
[Result "0-1"]
[WhiteElo "1168"]
[BlackElo "1408"]
[WhiteFideId "-1"]
[WhiteFideId "-1"]
[PlyCount "128"]
[GameId "2160767908338597"]
[EventDate "2017.09.12"]
[EventType "swiss"]
[EventRounds "6"]
[EventCountry "CAN"]
[SourceTitle "EXT 2022"]
[Source "ChessBase"]
[SourceDate "2021.10.06"]
[SourceVersion "1"]
[SourceVersionDate "2021.10.06"]
[SourceQuality "1"]

1. d4 d5 2. c4 c6 3. e3 Nf6 4. Nf3 Bg4 5. Nc3 a6 6. Bd3 dxc4 7. Bxc4 e6 8. e4 Bb4 9. a3 Bxc3+ 10. bxc3 Nxe4 11. Qe2 Nxc3 12. Qc2 Nd5 13. Qe4 Bxf3 14. Qxf3 O-O 15. Qg3 Kh8 16. Bd3 Nf6 17. Be3 Nbd7 18. Rb1 Qa5+ 19. Bd2 Qd5 20. Be3 Ne4 21. Qh4 Nef6 22. Rg1 Ne5 23. dxe5 Qxd3 24. Rd1 Qc3+ 25. Kf1 Qxe5 26. Bd4 Qh5 27. Qxh5 Nxh5 28. Be5 Rad8 29. Ke2 Rd5 30. Rxd5 exd5 31. Bd4 Re8+ 32. Kd2 Nf4 33. a4 Re6 34. Be3 Ng6 35. g3 Ne5 36. Rb1 Nc4+ 37. Kd3 b5 38. Rb3 Nxe3 39. fxe3 g6 40. axb5 axb5 41. Kd4 Kg7 42. Ra3 Kf6 43. Kc5 h5 44. h3 g5 45. Kd4 Re4+ 46. Kc5 b4 47. Rb3 Rc4+ 48. Kd6 Rc3 49. Rxb4 Rxe3 50. Kxc6 Rxg3 51. h4 Ke5 52. hxg5 Rxg5 53. Rb5 Kf6 54. Kd7 Kg7 55. Ke7 h4 56. Rb2 f5 57. Rf2 h3 58. Ke6 Rh5 59. Kxd5 h2 60. Rg2+ Kh6 61. Rg8 h1=Q+ 62. Ke6 Qe4+ 63. Kf6 Qc6+ 64. Kf7 Qd5+ 0-1

[Event "Gatineau Rentree-B"]
[Site "Gatineau CAN"]
[Date "2017.09.12"]
[Round "1"]
[White "Sabourin, Yves"]
[Black "Louis Cadet, Jonathan"]
[Result "1-0"]
[WhiteElo "1462"]
[BlackElo "1256"]
[WhiteFideId "-1"]
[WhiteFideId "-1"]
[PlyCount "87"]
[GameId "2160767908338598"]
[EventDate "2017.09.12"]
[EventType "swiss"]
[EventRounds "6"]
[EventCountry "CAN"]
[SourceTitle "EXT 2022"]
[Source "ChessBase"]
[SourceDate "2021.10.06"]
[SourceVersion "1"]
[SourceVersionDate "2021.10.06"]
[SourceQuality "1"]

1. e4 c5 2. c3 Nc6 3. d4 cxd4 4. cxd4 d6 5. Nf3 g6 6. Be2 Bg7 7. Nc3 e5 8. d5 Nd4 9. Nxd4 exd4 10. Nb5 Qb6 11. Qc2 Kd8 12. Bg5+ Ne7 13. Rc1 Bd7 14. Qc7+ Qxc7 15. Bxe7+ Kxe7 16. Rxc7 a6 17. Na3 Rhc8 18. Rxb7 Rc1+ 19. Bd1 Ra1 20. O-O Rxa2 21. Ba4 Rd8 22. Rb1 Ke8 23. Bb3 Rxa3 24. bxa3 Bb5 25. a4 Bd7 26. Rc1 f5 27. f3 a5 28. Rcc7 Bh6 29. Bc4 Bxa4 30. Rxh7 Bf8 31. Bb5+ Bxb5 32. Rxb5 Ra8 33. Rhb7 Ra6 34. R5b6 Rxb6 35. Rxb6 Ke7 36. Kf2 Kf6 37. Ke2 Ke5 38. Rb8 Be7 39. Re8 Kf6 40. Kd3 a4 41. Kxd4 Kf7 42. Ra8 Bf6+ 43. Ke3 f4+ 44. Kd3 1-0

[Event "Gatineau Rentree-B"]
[Site "Gatineau CAN"]
[Date "2017.09.12"]
[Round "1"]
[White "Seguin, Hubert"]
[Black "Arcand, Pierre"]
[Result "1-0"]
[WhiteElo "1597"]
[BlackElo "1315"]
[WhiteFideId "-1"]
[WhiteFideId "-1"]
[PlyCount "85"]
[GameId "2160767908338599"]
[EventDate "2017.09.12"]
[EventType "swiss"]
[EventRounds "6"]
[EventCountry "CAN"]
[SourceTitle "EXT 2022"]
[Source "ChessBase"]
[SourceDate "2021.10.06"]
[SourceVersion "1"]
[SourceVersionDate "2021.10.06"]
[SourceQuality "1"]

1. e4 e5 2. Nf3 Nc6 3. Bb5 Nf6 4. O-O d6 5. Re1 Be7 6. d4 exd4 7. Nxd4 Bd7 8. Nc3 Nxd4 9. Bxd7+ Qxd7 10. Qxd4 O-O 11. Bg5 h6 12. Bh4 Ng4 13. Bxe7 Qxe7 14. h3 Ne5 15. f4 Nc6 16. Qd2 Rad8 17. Re2 Nb4 18. a3 Nc6 19. Rae1 Qd7 20. Nd5 Ne7 21. c4 Nxd5 22. Qxd5 c6 23. Qd2 Rfe8 24. Rd1 Re7 25. Qd3 Qc7 26. Red2 Red7 27. Qe3 b6 28. Rd4 c5 29. Rd5 a6 30. R1d3 b5 31. b3 Qa5 32. e5 Qc7 33. Qd2 bxc4 34. bxc4 Qb6 35. Rxd6 Qb1+ 36. Kh2 Rxd6 37. Rxd6 Rxd6 38. exd6 Qf5 39. d7 g5 40. d8=Q+ Kg7 41. Qc3+ Kg6 42. Qg8+ Kh5 43. g4+ 1-0

[Event "Gatineau Rentree-B"]
[Site "Gatineau CAN"]
[Date "2017.09.19"]
[Round "2"]
[White "Arcand, Pierre"]
[Black "Renaud, Alexandre"]
[Result "1/2-1/2"]
[WhiteElo "1315"]
[BlackElo "1168"]
[WhiteFideId "-1"]
[WhiteFideId "-1"]
[PlyCount "100"]
[GameId "2160767908338600"]
[EventDate "2017.09.12"]
[EventType "swiss"]
[EventRounds "6"]
[EventCountry "CAN"]
[SourceTitle "EXT 2022"]
[Source "ChessBase"]
[SourceDate "2021.10.06"]
[SourceVersion "1"]
[SourceVersionDate "2021.10.06"]
[SourceQuality "1"]

1. e4 c5 2. Nf3 Nc6 3. d4 cxd4 4. Nxd4 Nf6 5. Nxc6 bxc6 6. Nc3 e5 7. Bc4 Bb4 8. Qf3 d5 9. exd5 cxd5 10. Bb5+ Bd7 11. Bxd7+ Qxd7 12. O-O O-O 13. h3 d4 14. Ne4 Nxe4 15. Qxe4 Rfe8 16. a3 f5 17. Qe2 Bd6 18. Qc4+ Kh8 19. c3 Rac8 20. Qd3 Rf8 21. cxd4 exd4 22. Re1 Rcd8 23. Kf1 Bc5 24. b4 Bb6 25. Bg5 Rde8 26. Re3 f4 27. Re4 Rxe4 28. Qxe4 Qf5 29. Qxf5 Rxf5 30. Rc1 h6 31. Be7 f3 32. Rc8+ Kh7 33. Rf8 fxg2+ 34. Kxg2 Re5 35. Bd6 Rd5 36. Bf4 d3 37. Bd2 a5 38. Rf3 axb4 39. axb4 Bd8 40. Kf1 Bg5 41. Ke1 Re5+ 42. Kd1 Re2 43. Bxg5 hxg5 44. Rxd3 Rxf2 45. Rb3 Kh6 46. b5 Rf7 47. b6 Rb7 48. Ke1 Kg6 49. Kf2 Kf5 50. Kf3 g6 1/2-1/2

[Event "Gatineau Rentree-B"]
[Site "Gatineau CAN"]
[Date "2017.09.19"]
[Round "2"]
[White "Berthiaume, Serge"]
[Black "Traversy, Pierre"]
[Result "1-0"]
[WhiteElo "1461"]
[BlackElo "1196"]
[WhiteFideId "-1"]
[WhiteFideId "-1"]
[PlyCount "67"]
[GameId "2160767908338601"]
[EventDate "2017.09.12"]
[EventType "swiss"]
[EventRounds "6"]
[EventCountry "CAN"]
[SourceTitle "EXT 2022"]
[Source "ChessBase"]
[SourceDate "2021.10.06"]
[SourceVersion "1"]
[SourceVersionDate "2021.10.06"]
[SourceQuality "1"]

1. c4 e5 2. Nc3 Nf6 3. g3 Bc5 4. Bg2 Nc6 5. a3 a6 6. Rb1 d6 7. Na4 Ba7 8. h3 Rb8 9. b4 Bd7 10. Nc3 Ne7 11. Bb2 Bc6 12. e4 b5 13. Nd5 Nd7 14. d3 bxc4 15. dxc4 Bb7 16. Ne2 c6 17. Ndc3 Nf6 18. O-O O-O 19. Kh2 Bc8 20. Bc1 Kh8 21. f4 Be6 22. fxe5 dxe5 23. c5 Qc8 24. Bb2 Ng6 25. Qc2 Qc7 26. Bc1 Rbd8 27. Be3 Ng8 28. Na4 Rd7 29. Nec3 N8e7 30. Nb6 Bxb6 31. cxb6 Qb7 32. Na4 f5 33. Nc5 f4 34. Nxb7 1-0

[Event "Gatineau Rentree-B"]
[Site "Gatineau CAN"]
[Date "2017.09.19"]
[Round "2"]
[White "Dupont-Mageau, Nicolas"]
[Black "Seguin, Hubert"]
[Result "0-1"]
[WhiteElo "1449"]
[BlackElo "1597"]
[WhiteFideId "-1"]
[WhiteFideId "-1"]
[PlyCount "42"]
[GameId "2160767908338602"]
[EventDate "2017.09.12"]
[EventType "swiss"]
[EventRounds "6"]
[EventCountry "CAN"]
[SourceTitle "EXT 2022"]
[Source "ChessBase"]
[SourceDate "2021.10.06"]
[SourceVersion "1"]
[SourceVersionDate "2021.10.06"]
[SourceQuality "1"]

1. e4 c5 2. Nc3 Nc6 3. f4 d6 4. Nf3 g6 5. Bc4 Bg7 6. O-O e6 7. Qe1 Nge7 8. d3 O-O 9. Qg3 d5 10. Bb3 Na5 11. f5 Nxb3 12. fxg6 fxg6 13. axb3 Nc6 14. Bf4 a6 15. Bd6 Ne7 16. Bxc5 b6 17. Bxe7 Qxe7 18. exd5 exd5 19. Nxd5 Qc5+ 20. Qf2 Qxd5 21. Qxb6 Rxf3 0-1

[Event "Gatineau Rentree-B"]
[Site "Gatineau CAN"]
[Date "2017.09.19"]
[Round "2"]
[White "Legare, Gilles"]
[Black "Bourbonnais, Luc"]
[Result "0-1"]
[WhiteElo "1125"]
[BlackElo "1296"]
[WhiteFideId "-1"]
[WhiteFideId "-1"]
[PlyCount "60"]
[GameId "2160767908338603"]
[EventDate "2017.09.12"]
[EventType "swiss"]
[EventRounds "6"]
[EventCountry "CAN"]
[SourceTitle "EXT 2022"]
[Source "ChessBase"]
[SourceDate "2021.10.06"]
[SourceVersion "1"]
[SourceVersionDate "2021.10.06"]
[SourceQuality "1"]

1. e4 d6 2. Nf3 Nd7 3. Be2 e5 4. d3 Be7 5. Be3 Ngf6 6. Nbd2 O-O 7. c4 c6 8. O-O Qc7 9. Nh4 Re8 10. b4 Nxe4 11. dxe4 Bxh4 12. Nf3 Be7 13. Bg5 Nf6 14. Nd2 Be6 15. Be3 d5 16. Bc5 Bxc5 17. bxc5 Qe7 18. cxd5 cxd5 19. Qc1 Rac8 20. Nb3 Nxe4 21. Bb5 Bd7 22. c6 Bxc6 23. Bxc6 bxc6 24. f3 Nd6 25. Na5 Qc7 26. Nb3 c5 27. Qg5 c4 28. Rac1 Qb6+ 29. Kh1 cxb3 30. Qxe5 Rxe5 0-1

[Event "Gatineau Rentree-B"]
[Site "Gatineau CAN"]
[Date "2017.09.19"]
[Round "2"]
[White "Lemieux, Richard"]
[Black "Ethier, Valori"]
[Result "1-0"]
[WhiteElo "1552"]
[BlackElo "1380"]
[WhiteFideId "-1"]
[WhiteFideId "-1"]
[PlyCount "87"]
[GameId "2160767908338604"]
[EventDate "2017.09.12"]
[EventType "swiss"]
[EventRounds "6"]
[EventCountry "CAN"]
[SourceTitle "EXT 2022"]
[Source "ChessBase"]
[SourceDate "2021.10.06"]
[SourceVersion "1"]
[SourceVersionDate "2021.10.06"]
[SourceQuality "1"]

1. e4 c6 2. d4 d5 3. exd5 cxd5 4. Nf3 Bg4 5. Be2 Nf6 6. Ne5 Bxe2 7. Qxe2 Nbd7 8. Nc3 e6 9. Bg5 Be7 10. Qb5 Qb6 11. Bxf6 Qxb5 12. Nxb5 Rc8 13. Bxe7 Kxe7 14. Nxd7 Kxd7 15. Nc3 Rc4 16. O-O-O Rhc8 17. Rd2 a6 18. Ne2 b5 19. a3 a5 20. c3 b4 21. axb4 axb4 22. Kc2 bxc3 23. bxc3 Ra8 24. Rb1 Ra2+ 25. Kd3 Rxd2+ 26. Kxd2 Ke7 27. Nf4 g5 28. Nd3 Ra4 29. Rb7+ Kf6 30. Ne5 Ra2+ 31. Kd3 g4 32. Rxf7+ Kg5 33. g3 h5 34. Rf8 Kh6 35. Rf6+ Kg7 36. Rf7+ Kh6 37. Ke3 Rc2 38. Rf6+ Kg7 39. Rxe6 Rxc3+ 40. Nd3 Rc7 41. Re5 Rf7 42. Rxd5 Rf3+ 43. Ke4 Kh6 44. Rf5 1-0

[Event "Gatineau Rentree-B"]
[Site "Gatineau CAN"]
[Date "2017.09.19"]
[Round "2"]
[White "Masse-Garneau, Anthony"]
[Black "Sabourin, Yves"]
[Result "1/2-1/2"]
[WhiteElo "1408"]
[BlackElo "1462"]
[WhiteFideId "-1"]
[WhiteFideId "-1"]
[PlyCount "110"]
[GameId "2160767908338605"]
[EventDate "2017.09.12"]
[EventType "swiss"]
[EventRounds "6"]
[EventCountry "CAN"]
[SourceTitle "EXT 2022"]
[Source "ChessBase"]
[SourceDate "2021.10.06"]
[SourceVersion "1"]
[SourceVersionDate "2021.10.06"]
[SourceQuality "1"]

1. d4 Nf6 2. c4 g6 3. Nc3 d5 4. cxd5 Nxd5 5. e4 Nf6 6. Nf3 Bg7 7. h3 c6 8. Be3 e6 9. Qd2 Qa5 10. e5 Nd5 11. Ne4 Qxd2+ 12. Bxd2 O-O 13. Nd6 Nd7 14. Bc4 N7b6 15. Bb3 Rd8 16. Ng5 f6 17. Nxc8 fxg5 18. Nxb6 axb6 19. Bxg5 Rd7 20. O-O c5 21. Be3 Kf7 22. Rfe1 Nxe3 23. fxe3 cxd4 24. exd4 Rxd4 25. Rac1 Rd7 26. Rc2 Ra5 27. Rce2 Ke7 28. Kf2 Rc7 29. Kf3 h6 30. h4 Rcc5 31. Kf4 Rcb5 32. Re4 Kf7 33. g4 Bxe5+ 34. Rxe5 g5+ 35. hxg5 hxg5+ 36. Rxg5 Rxg5 37. Rxe6 Rgb5 38. Rxb6+ Kg7 39. Re6 Rb4+ 40. Kf3 Rg5 41. Re7+ Kh6 42. Re6+ Rg6 43. Re7 Rgxg4 44. Rxb7 Rxb7 45. Kxg4 Kg7 46. Kf3 Kf6 47. Ke4 Ke7 48. Kd3 Kd6 49. Kc3 Kc5 50. a3 Rg7 51. Bc4 Rg3+ 52. Bd3 Kb6 53. b4 Rg5 54. a4 Re5 55. Kd4 Rh5 1/2-1/2

[Event "Gatineau Rentree-B"]
[Site "Gatineau CAN"]
[Date "2017.09.26"]
[Round "3"]
[White "Ethier, Valori"]
[Black "Berthiaume, Serge"]
[Result "0-1"]
[WhiteElo "1380"]
[BlackElo "1461"]
[WhiteFideId "-1"]
[WhiteFideId "-1"]
[PlyCount "78"]
[GameId "2160767908338607"]
[EventDate "2017.09.12"]
[EventType "swiss"]
[EventRounds "6"]
[EventCountry "CAN"]
[SourceTitle "EXT 2022"]
[Source "ChessBase"]
[SourceDate "2021.10.06"]
[SourceVersion "1"]
[SourceVersionDate "2021.10.06"]
[SourceQuality "1"]

1. f4 Nc6 2. Nf3 Nf6 3. b3 d5 4. e3 Bf5 5. Bb2 Nb4 6. Na3 e6 7. c3 Nd3+ 8. Ke2 Nxb2 9. Qe1 Ng4 10. d4 Bxa3 11. b4 Nc4 12. Ne5 Ngxe3 13. Qg3 Bg6 14. h4 Bh5+ 15. Kf2 Nf5 16. Qd3 Nfe3 17. Be2 Bxe2 18. Kxe2 f6 19. Nf3 Nxg2 20. Qc2 Nxf4+ 21. Kf2 a5 22. Rag1 Qe7 23. Rg4 Ng6 24. Rhg1 f5 25. Rg5 O-O-O 26. h5 Nf4 27. R1g3 g6 28. Qa4 Qd7 29. Qc2 Nxh5 30. Rh3 axb4 31. cxb4 Bxb4 32. Qe2 Nf4 33. Qf1 Nxh3+ 34. Qxh3 Qa4 35. Rg2 Qxa2+ 36. Kg3 Bd6+ 37. Kh4 Qb1 38. Re2 Qc1 39. Qg2 Qh6# 0-1

[Event "Gatineau Rentree-B"]
[Site "Gatineau CAN"]
[Date "2017.09.26"]
[Round "3"]
[White "Lecorre, Joel"]
[Black "Masse-Garneau, Anthony"]
[Result "0-1"]
[WhiteElo "1475"]
[BlackElo "1408"]
[WhiteFideId "-1"]
[WhiteFideId "-1"]
[PlyCount "56"]
[GameId "2160767908338609"]
[EventDate "2017.09.12"]
[EventType "swiss"]
[EventRounds "6"]
[EventCountry "CAN"]
[SourceTitle "EXT 2022"]
[Source "ChessBase"]
[SourceDate "2021.10.06"]
[SourceVersion "1"]
[SourceVersionDate "2021.10.06"]
[SourceQuality "1"]

1. e4 e5 2. Nf3 Nc6 3. Bc4 Bc5 4. c3 Nf6 5. b4 Bb6 6. d3 d6 7. Bg5 Be6 8. Nbd2 h6 9. Be3 Bxe3 10. fxe3 O-O 11. O-O Qe7 12. Bxe6 fxe6 13. d4 b5 14. Qe2 Rab8 15. a4 a6 16. axb5 axb5 17. Ra6 Qe8 18. Rfa1 exd4 19. exd4 d5 20. e5 Nh7 21. Nb3 Rf7 22. Nc5 Nd8 23. Ra8 Nc6 24. Rxb8 Nxb8 25. Ra8 Rf8 26. Na6 Qc6 27. Rxb8 Qxa6 28. Rxb5 c6 0-1

[Event "Gatineau Rentree-B"]
[Site "Gatineau CAN"]
[Date "2017.09.26"]
[Round "3"]
[White "Sabourin, Yves"]
[Black "Clermont, Yves"]
[Result "1-0"]
[WhiteElo "1462"]
[BlackElo "1229"]
[WhiteFideId "-1"]
[WhiteFideId "-1"]
[PlyCount "49"]
[GameId "2160767908338610"]
[EventDate "2017.09.12"]
[EventType "swiss"]
[EventRounds "6"]
[EventCountry "CAN"]
[SourceTitle "EXT 2022"]
[Source "ChessBase"]
[SourceDate "2021.10.06"]
[SourceVersion "1"]
[SourceVersionDate "2021.10.06"]
[SourceQuality "1"]

1. e4 c5 2. c3 e6 3. d4 d5 4. dxc5 Bxc5 5. exd5 exd5 6. Nf3 Nf6 7. b4 Bb6 8. Bb2 O-O 9. Be2 Nc6 10. b5 Ne7 11. Nbd2 Re8 12. c4 Qd6 13. Be5 Qe6 14. Qc2 Ng4 15. Ng5 Bxf2+ 16. Kf1 Ne3+ 17. Kxf2 Nxc2 18. Nxe6 Nxa1 19. Nc7 Ng6 20. Bxa1 Rxe2+ 21. Kxe2 Bg4+ 22. Ke3 Rd8 23. cxd5 Re8+ 24. Kd3 Re2 25. h3 1-0

[Event "Gatineau Rentree-B"]
[Site "Gatineau CAN"]
[Date "2017.09.26"]
[Round "3"]
[White "Seguin, Hubert"]
[Black "Rioux, Jocelyn"]
[Result "0-1"]
[WhiteElo "1597"]
[BlackElo "1454"]
[WhiteFideId "-1"]
[WhiteFideId "-1"]
[PlyCount "50"]
[GameId "2160767908338611"]
[EventDate "2017.09.12"]
[EventType "swiss"]
[EventRounds "6"]
[EventCountry "CAN"]
[SourceTitle "EXT 2022"]
[Source "ChessBase"]
[SourceDate "2021.10.06"]
[SourceVersion "1"]
[SourceVersionDate "2021.10.06"]
[SourceQuality "1"]

1. e4 e6 2. d4 d5 3. Nd2 Nf6 4. e5 Nfd7 5. f4 c5 6. c3 Nc6 7. Ngf3 Be7 8. Bd3 O-O 9. Nf1 cxd4 10. cxd4 Qb6 11. Ne3 Bb4+ 12. Bd2 Nxd4 13. Bxb4 Qxb4+ 14. Qd2 Nxf3+ 15. gxf3 Qxf4 16. Kf2 Nxe5 17. Qe2 Nxd3+ 18. Qxd3 Bd7 19. Rag1 f5 20. Rg2 Bc6 21. Rhg1 Rf7 22. Rg5 Qxh2+ 23. R1g2 Qe5 24. Qc2 Qd4 25. Rh2 g6 0-1

[Event "Gatineau Rentree-B"]
[Site "Gatineau CAN"]
[Date "2017.09.26"]
[Round "3"]
[White "Traversy, Pierre"]
[Black "Bourbonnais, Luc"]
[Result "1-0"]
[WhiteElo "1196"]
[BlackElo "1296"]
[WhiteFideId "-1"]
[WhiteFideId "-1"]
[PlyCount "69"]
[GameId "2160767908338612"]
[EventDate "2017.09.12"]
[EventType "swiss"]
[EventRounds "6"]
[EventCountry "CAN"]
[SourceTitle "EXT 2022"]
[Source "ChessBase"]
[SourceDate "2021.10.06"]
[SourceVersion "1"]
[SourceVersionDate "2021.10.06"]
[SourceQuality "1"]

1. d4 Nf6 2. Nf3 g6 3. e3 Bg7 4. Nbd2 O-O 5. b3 c5 6. c3 Nc6 7. Bb2 d5 8. Bd3 Re8 9. O-O e5 10. dxe5 Nxe5 11. Nxe5 Rxe5 12. Nf3 Re7 13. Re1 Bg4 14. Be2 Ne4 15. Nd2 Bxe2 16. Rxe2 Nxc3 17. Bxc3 Bxc3 18. Rc1 d4 19. exd4 Rxe2 20. Qxe2 cxd4 21. Qd3 Qg5 22. Rd1 Rd8 23. Ne4 Qf5 24. Rf1 Re8 25. f3 h5 26. g3 Kf8 27. Kg2 Qa5 28. Rf2 Qf5 29. Qc4 Rc8 30. Qd3 Qa5 31. Nf6 Rc6 32. Ne4 Re6 33. Rc2 f5 34. Nxc3 Re3 35. Qxd4 1-0

[Event "Gatineau Rentree-B"]
[Site "Gatineau CAN"]
[Date "2017.10.03"]
[Round "4"]
[White "Berthiaume, Serge"]
[Black "Lecorre, Joel"]
[Result "0-1"]
[WhiteElo "1461"]
[BlackElo "1475"]
[WhiteFideId "-1"]
[WhiteFideId "-1"]
[PlyCount "68"]
[GameId "2160767908338613"]
[EventDate "2017.09.12"]
[EventType "swiss"]
[EventRounds "6"]
[EventCountry "CAN"]
[SourceTitle "EXT 2022"]
[Source "ChessBase"]
[SourceDate "2021.10.06"]
[SourceVersion "1"]
[SourceVersionDate "2021.10.06"]
[SourceQuality "1"]

1. e4 e5 2. Nf3 Nc6 3. Bc4 Bc5 4. d4 exd4 5. e5 d5 6. exd6 Qxd6 7. O-O Be6 8. Bxe6 fxe6 9. Re1 h6 10. Nbd2 Nf6 11. Nc4 Qd5 12. Nce5 O-O-O 13. Nf7 e5 14. Nxh8 Rxh8 15. c3 e4 16. Nxd4 Nxd4 17. cxd4 Bxd4 18. Qc2 Ng4 19. Be3 Bxe3 20. fxe3 Qe5 21. g3 Rf8 22. Re2 Rf3 23. Qb3 b6 24. Rae1 h5 25. Qc2 g5 26. Rg2 Nxe3 27. Rxe3 Rxe3 28. Re2 Rxe2 29. Qxe2 Qd4+ 30. Kg2 g4 31. h3 Qd3 32. Qf2 Qf3+ 33. Qxf3 exf3+ 34. Kf2 Kd7 0-1

[Event "Gatineau Rentree-B"]
[Site "Gatineau CAN"]
[Date "2017.10.03"]
[Round "4"]
[White "Bourbonnais, Luc"]
[Black "Arcand, Pierre"]
[Result "1-0"]
[WhiteElo "1296"]
[BlackElo "1315"]
[WhiteFideId "-1"]
[WhiteFideId "-1"]
[PlyCount "55"]
[GameId "2160767908338614"]
[EventDate "2017.09.12"]
[EventType "swiss"]
[EventRounds "6"]
[EventCountry "CAN"]
[SourceTitle "EXT 2022"]
[Source "ChessBase"]
[SourceDate "2021.10.06"]
[SourceVersion "1"]
[SourceVersionDate "2021.10.06"]
[SourceQuality "1"]

1. e4 e5 2. Nf3 Nc6 3. Bb5 Nf6 4. O-O Be7 5. Re1 d6 6. d4 O-O 7. h3 Bd7 8. Nc3 Nxd4 9. Nxd4 exd4 10. Qxd4 Bxb5 11. Nxb5 a6 12. Nc3 c5 13. Qd3 b5 14. Bf4 b4 15. Nd5 Nxd5 16. Qxd5 Qc7 17. Rad1 Rad8 18. Qc4 Qb7 19. Rd5 Rd7 20. Re3 Qb6 21. Red3 Rfd8 22. e5 Qc6 23. exd6 Bxd6 24. Bxd6 Rxd6 25. Rxc5 Qb7 26. Rxd6 Qb8 27. Rxd8+ Qxd8 28. Rc8 1-0